| 000 | 00990nam a2200289 i 4500 | ||
|---|---|---|---|
| 001 | 11760 | ||
| 003 | KOSZ 005 | ||
| 005 | 20200825115358.0 | ||
| 008 | 070620s1969 pl g 000 0 pol | ||
| 015 | _aPB 1969/7686 | ||
| 040 |
_aWA N _cWA N _dKOSZ 005/RW _dKOSZ 005/HR |
||
| 046 | _k1969 | ||
| 080 | _a331.45(438) | ||
| 100 | 1 |
_aKochański, Lech. _eAutor |
|
| 245 | 1 | 0 |
_aPoradnik społecznego inspektora pracy : _bprawna ochrona pracy / _cLech Kochański, Stanisław Lach. |
| 250 | _aWyd. 2 popr. i uzup. | ||
| 260 |
_aWarszawa : _bWydawnictwo Związkowe CRZZ, _c1969. |
||
| 300 |
_a227, [1] s. ; _c18 cm. |
||
| 380 | _aKsiążki. | ||
| 388 | _a1901-2000 | ||
| 650 | 4 | _aInspekcja pracy społeczna. | |
| 655 | 4 | _aPoradnik | |
| 700 | 1 |
_aLach, Stanisław. _eAutor |
|
| 710 | 2 |
_aWydawnictwo Związkowe CRZZ _4pbl. |
|
| 856 |
_uhttp://koha.tu.koszalin.pl/cgi-bin/koha/opac-detail.pl?biblionumber=11760 _yKatalog online BPK |
||
| 942 |
_2UKD _cKS |
||
| 999 |
_c11760 _d11760 |
||